[Event "EU-ch Online U14 Girls"]
[Site "Tornelo INT"]
[Date "2020.09.19"]
[Round "6"]
[White "Fizerova, Lucie"]
[Black "Vicze, Kata"]
[Result "1-0"]
[WhiteElo "1413"]
[BlackElo "1662"]
[PlyCount "69"]
[EventDate "2020.09.18"]
[EventType "swiss (rapid)"]
[EventRounds "9"]
[EventCountry "NET"]
[SourceTitle "EXT 2023"]
[Source "ChessBase"]
[SourceDate "2022.10.05"]
[SourceVersion "1"]
[SourceVersionDate "2022.10.05"]
[SourceQuality "1"]
[WhiteTeam "Czech Republic"]
[BlackTeam "Austria"]
[WhiteTeamCountry "CZE"]
[BlackTeamCountry "AUT"]

1. c4 c5 2. g3 Nc6 3. Bg2 g6 4. Nc3 Bg7 5. e4 e5 6. Nge2 Nge7 7. 0-0 d6 8. d3 f5 9. f4 0-0 10. a3 a5 11. Nb5 Nd4 12. Nexd4 exd4 13. Bd2 Rb8 14. b4 axb4 15. axb4 b6 16. Re1 Bb7 17. Ra7 Nc6 18. Ra4 Ra8 19. exf5 Rxf5 20. Bh3 Rf6 21. Be6+ Kh8 22. Bd5 h5 23. Rxa8 Bxa8 24. Qa4 cxb4 25. Nc7 Qxc7 26. Qxa8+ Nd8 27. Bxb4 Rf8 28. Qa3 Nb7 29. Qa7 Rb8 30. Re6 Qc8 31. Re7 Ra8 32. Qxb7 Ra1+ 33. Be1 Qf8 34. Qd7 Rd1 35. Re8 1-0

[Event "EU-ch Online U14 Girls"]
[Site "Tornelo INT"]
[Date "2020.09.18"]
[Round "3"]
[White "Vicze, Kata"]
[Black "Schippke, Manon"]
[Result "0-1"]
[WhiteElo "1662"]
[BlackElo "1779"]
[PlyCount "68"]
[EventDate "2020.09.18"]
[EventType "swiss (rapid)"]
[EventRounds "9"]
[EventCountry "NET"]
[SourceTitle "EXT 2023"]
[Source "ChessBase"]
[SourceDate "2022.10.05"]
[SourceVersion "1"]
[SourceVersionDate "2022.10.05"]
[SourceQuality "1"]
[WhiteTeam "Austria"]
[BlackTeam "France"]
[WhiteTeamCountry "AUT"]
[BlackTeamCountry "FRA"]

1. e4 c5 2. Nf3 d6 3. d4 cxd4 4. Nxd4 Nf6 5. Nc3 Nc6 6. Bc4 e6 7. Be3 Be7 8. f3 a6 9. Qd2 Qc7 10. h4 b5 11. Bb3 Bb7 12. h5 h6 13. Qf2 Nd7 14. Bxe6 fxe6 15. Nxe6 Qa5 16. Nxg7+ Kf7 17. Qg3 Nce5 18. f4 Rhg8 19. fxe5 Rxg7 20. Qf2+ Ke8 21. e6 Nf6 22. 0-0 Nxe4 23. Nxe4 Bxe4 24. g3 b4 25. Qf4 Qe5 26. Rad1 Rxg3+ 27. Kf2 Rf3+ 28. Qxf3 Bxf3 29. Kxf3 Qxh5+ 30. Kg2 Qg6+ 31. Kh2 Qxe6 32. Bf4 Kd7 33. Rfe1 Qg4 34. Re4 Qxd1 0-1

[Event "EU-ch Online U14 Girls"]
[Site "Tornelo INT"]
[Date "2020.09.18"]
[Round "1"]
[White "Vicze, Kata"]
[Black "Zetocha, Adela"]
[Result "1-0"]
[WhiteElo "1662"]
[BlackElo "1318"]
[PlyCount "77"]
[EventDate "2020.09.18"]
[EventType "swiss (rapid)"]
[EventRounds "9"]
[EventCountry "NET"]
[SourceTitle "EXT 2023"]
[Source "ChessBase"]
[SourceDate "2022.10.05"]
[SourceVersion "1"]
[SourceVersionDate "2022.10.05"]
[SourceQuality "1"]
[WhiteTeam "Austria"]
[BlackTeam "Slovakia"]
[WhiteTeamCountry "AUT"]
[BlackTeamCountry "SVK"]

1. e4 e5 2. Nf3 Nc6 3. d4 exd4 4. Bc4 Nf6 5. e5 d5 6. Bb5 Ne4 7. Nxd4 Bd7 8. Bxc6 Bxc6 9. Nxc6 bxc6 10. Be3 Bc5 11. Bxc5 Nxc5 12. 0-0 0-0 13. Nd2 Re8 14. f4 f6 15. Nf3 Nd7 16. Re1 fxe5 17. fxe5 Re6 18. Qd4 Qf8 19. Kh1 Qc5 20. Qg4 Rae8 21. c3 Qe7 22. Qa4 Nxe5 23. Nxe5 Rxe5 24. Rxe5 Qxe5 25. Qxa7 Qe2 26. b3 Qd2 27. h3 Qxc3 28. Rf1 Qe5 29. a4 d4 30. Qa6 c5 31. Qc4+ Qe6 32. Qxc5 Qxb3 33. Qxd4 Ra8 34. Qd7 c5 35. Qc6 Qxa4 36. Qd5+ Kh8 37. Qxc5 Qe8 38. Qf5 Kg8 39. Qf3 1-0

[Event "AUT-ch Vor1 Internet (Women)"]
[Site "Playchess.com INT"]
[Date "2020.05.30"]
[Round "8"]
[White "Hapala, Elisabeth"]
[Black "Vicze, Kata"]
[Result "1-0"]
[WhiteElo "2158"]
[BlackElo "1918"]
[PlyCount "107"]
[EventDate "2020.05.30"]
[EventType "swiss (blitz)"]
[EventRounds "9"]
[EventCountry "AUT"]
[SourceTitle "CBM 196 Extra"]
[Source "ChessBase"]
[SourceDate "2020.07.31"]
[SourceVersion "1"]
[SourceVersionDate "2020.07.31"]
[SourceQuality "1"]

1. e4 c5 2. Nf3 Nc6 3. d4 cxd4 4. Nxd4 e5 5. Nb5 d6 6. c4 a6 7. N5a3 Be7 8. Nc3 f5 9. exf5 Bxf5 10. Nc2 Nf6 11. Ne3 Be6 12. Ncd5 0-0 13. Bd3 Nd4 14. 0-0 b5 15. cxb5 Bxd5 16. Nxd5 Nxd5 17. Bc4 axb5 18. Bxd5+ Kh8 19. Bxa8 Qxa8 20. Be3 Nf5 21. Qg4 Rf6 22. Qf3 e4 23. Qf4 Nd4 24. Qh4 Ne2+ 25. Kh1 Re6 26. Bg5 Bxg5 27. Qxg5 Rg6 28. Qe3 d5 29. Qxe2 d4 30. Rfe1 e3 31. f3 Qd5 32. Qd3 Qg5 33. Re2 Rh6 34. Qxd4 Rh4 35. Qd7 h6 36. Qd6 Rc4 37. Rd1 Rh4 38. Qd8+ Kh7 39. Qxg5 hxg5 40. Rxe3 Rb4 41. Re2 Ra4 42. a3 b4 43. axb4 Rxb4 44. g3 Rb3 45. Kg2 Kh6 46. Kf2 Kh5 47. Rb1 g4 48. fxg4+ Kxg4 49. Re3 Rb8 50. b4 Rb5 51. Re4+ Kf5 52. Rc4 Ke6 53. Rc5 Rb6 54. b5 1-0

[Event "AUT-ch Vor1 Internet (Women)"]
[Site "Playchess.com INT"]
[Date "2020.05.30"]
[Round "7"]
[White "Vicze, Kata"]
[Black "Katter, Katharina"]
[Result "1-0"]
[WhiteElo "1918"]
[BlackElo "1930"]
[PlyCount "93"]
[EventDate "2020.05.30"]
[EventType "swiss (blitz)"]
[EventRounds "9"]
[EventCountry "AUT"]
[SourceTitle "CBM 196 Extra"]
[Source "ChessBase"]
[SourceDate "2020.07.31"]
[SourceVersion "1"]
[SourceVersionDate "2020.07.31"]
[SourceQuality "1"]

1. e4 e5 2. Nf3 Nc6 3. d4 exd4 4. Bc4 Nf6 5. e5 d5 6. Bb5 Ne4 7. Nxd4 Bd7 8. Bxc6 bxc6 9. 0-0 Bc5 10. Be3 Bb6 11. f3 Ng5 12. f4 Ne4 13. Nd2 Nxd2 14. Qxd2 c5 15. Nf3 Qe7 16. Qxd5 Rd8 17. Qe4 f5 18. Qc4 Be6 19. Qc3 0-0 20. Rad1 c4 21. Bxb6 cxb6 22. Nd4 Bd5 23. Qg3 Qc5 24. c3 g6 25. Kh1 Qe7 26. h4 Kh8 27. Rd2 Rg8 28. Rfd1 Be4 29. Qf2 h6 30. Qg3 g5 31. hxg5 hxg5 32. Qh3+ Kg7 33. Nxf5+ Bxf5 34. Qxf5 Rh8+ 35. Kg1 Rxd2 36. Rxd2 Rd8 37. Rxd8 Qxd8 38. Qxg5+ Qxg5 39. fxg5 Kg6 40. Kf2 Kxg5 41. Ke3 Kf5 42. Kd4 b5 43. Kd5 a6 44. e6 Kf6 45. Kd6 a5 46. e7 b4 47. e8Q 1-0

[Event "AUT-ch U14 Girls"]
[Site "St Veit"]
[Date "2019.06.10"]
[Round "5.1"]
[White "Katter, Katharina"]
[Black "Vicze, Kata"]
[Result "1/2-1/2"]
[WhiteElo "1816"]
[BlackElo "1797"]
[PlyCount "59"]
[EventDate "2019.06.08"]
[EventType "swiss"]
[EventRounds "7"]
[EventCountry "AUT"]
[SourceTitle "EXT 2024"]
[Source "ChessBase"]
[SourceDate "2023.10.10"]
[SourceVersion "1"]
[SourceVersionDate "2023.10.10"]
[SourceQuality "1"]

1. d4 d5 2. c4 e6 3. Nc3 Nf6 4. Nf3 c6 5. e3 Nbd7 6. Qc2 Bd6 7. b3 0-0 8. Be2 Re8 9. 0-0 e5 10. cxd5 cxd5 11. Nb5 Bb8 12. dxe5 Nxe5 13. Bb2 Bg4 14. Nxe5 Bxe5 15. Bxe5 Rxe5 16. Bxg4 Nxg4 17. h3 Nf6 18. Rac1 Re7 19. Rfd1 Rd7 20. Rd3 a6 21. Nd4 Ne4 22. Nf3 Qe7 23. Nd2 f5 24. Nxe4 dxe4 25. Qc4+ Kf8 26. Rxd7 Qxd7 27. Qc5+ Kg8 28. Qc4+ Kf8 29. Qc7 Rd8 30. Qc5+ 1/2-1/2

[Event "Wch U12 Girls"]
[Site "Santiago de Compostela"]
[Date "2018.11.14"]
[Round "10"]
[White "Vicze, Kata"]
[Black "Enkhsaran, Batsaikhan"]
[Result "0-1"]
[WhiteElo "1828"]
[BlackElo "1614"]
[PlyCount "85"]
[EventDate "2018.11.04"]
[EventType "swiss"]
[EventRounds "11"]
[EventCountry "ESP"]
[SourceTitle "EXT 2022"]
[Source "ChessBase"]
[SourceDate "2021.10.06"]
[SourceVersion "1"]
[SourceVersionDate "2021.10.06"]
[SourceQuality "1"]

1. e4 e5 2. Nf3 Nc6 3. d4 exd4 4. c3 d5 5. exd5 Qxd5 6. cxd4 Bg4 7. Be2 Bb4+ 8. Nc3 Bxf3 9. Bxf3 Qc4 10. Bxc6+ bxc6 11. Qe2+ Qxe2+ 12. Kxe2 Ne7 13. Rd1 0-0-0 14. Be3 Rhe8 15. Rd3 h6 16. Rad1 f5 17. Kf1 g5 18. d5 f4 19. Bxa7 cxd5 20. a3 Bxc3 21. Rxc3 Kd7 22. Rdc1 c6 23. b4 Rc8 24. Bc5 Nf5 25. a4 Ng7 26. a5 Ne6 27. Bb6 g4 28. a6 Ng5 29. a7 Ne4 30. R3c2 Nd6 31. g3 f3 32. Be3 Nb5 33. Ra1 Ra8 34. Ra6 Re6 35. Rca2 Kc7 36. R2a5 d4 37. Bf4+ Kb7 38. Bb8 d3 39. Ra2 Re2 40. Ra1 d2 41. R6a2 d1Q+ 42. Rxd1 Rxa2 43. Rd7+ 0-1